01179nam a2200193Ia 4500001001100000003001000011008004100021040002500062041001300087100001800100245007400118250001100192260008500203300001200288500026400300501011400564520026400678650004300942L709-29322IT-CnALBA170116s9999||||xx |||||||||||||| ||und|| aIT-CnALBAcIT-CnALBA aITALIANO aHAUSER ARNOLD 0aSTORIA SOCIALE DELL'ARTE. VOL. I. PREISTORIA. ANTICHITÀ. MEDIOEVO.  a1a ed. aTORINObEINAUDI GIULIO, EDITORE. c1955 [1° Ed.:1955 - Ed.Ling.Originale: 1955] a431 p.  aTRADUZIONE DAL TEDESCO. PREISTORIA. CIVILTÀ DELL'ANTICO ORIENTE. ANTICHITÀ CLASSICA. MEDIOEVO. IN EGITTO. IN GRECIA. CLASSICISMO. ELLENISMO. IMPERO ROMANO. ARTE PALEOCRISTIANA. BIZANTINA. RINASCIMENTO CAROLINGIO. LAVORO ARTISTICO NEI CONVENTI. ARTE ROMANI aSocietà San Paolo EM - Piazza San Paolo, 14 - 12051 ALBA (CN) (non commercial uses only) ® Copyright 2017 aTRADUZIONE DAL TEDESCO. PREISTORIA. CIVILTÀ DELL'ANTICO ORIENTE. ANTICHITÀ CLASSICA. MEDIOEVO. IN EGITTO. IN GRECIA. CLASSICISMO. ELLENISMO. IMPERO ROMANO. ARTE PALEOCRISTIANA. BIZANTINA. RINASCIMENTO CAROLINGIO. LAVORO ARTISTICO NEI CONVENTI. ARTE ROMANI aTRATTAZIONE STORICA E GEOGR. DELL'ARTE